Wszystkie Przystanki WTP na Wilanowie - Statystyki

Ogólne statystyki
  • Ten quiz został rozwiązany 11 razy
  • Średni wynik to 19 z 49
Statystyki odpowiedzi
Przystanki % Poprawnych
Wilanów
100%
Oś Królewska
88%
Świątynia Opatrzności Bożej
88%
Vogla
88%
Królowej Marysieńki
75%
Miasteczko Wilanów
75%
Powsinek
75%
Kępa Zawadowska
63%
Kosiarzy
63%
Sarmacka
63%
Czekoladowa
50%
Łowcza
50%
Powsin - Park Kultury
50%
Św. U. Ledóchowskiej
50%
Vogla - Morysin
50%
Zawady
50%
Andrutowa
38%
Gąsek
38%
Korbońskiego
38%
Oczyszczalnia "Południe"
38%
Pałacowa
38%
Przekorna
38%
Rosochata
38%
Syta
38%
Bruzdowa - Kościół
25%
Calowa
25%
Europejska
25%
Glebowa
25%
Grabalówki
25%
Jara
25%
Ogrody Działkowe Wilanówka
25%
Os. Patio
25%
Prętowa
25%
Rosy
25%
Ruczaj
25%
Sągi
25%
Siedliskowa
25%
Tuzinowa
25%
Waflowa
25%
Zakamarek
25%
Bartyki
13%
Gratyny
13%
Latoszki
13%
Lercha
13%
Metryczna
13%
Rów Natoliński
13%
Stare Kabaty
13%
Wiedeńska
13%
Zaściankowa
13%
Nie znaleziono quizów pasujących do podanych kryteriów
Rozkład punktacji
Procent ludzi z każdym wynikiem
Percentyl według liczby udzielonych odpowiedzi
Twoja historia wyników
Nie rozwiązałeś tego quizu